[Event "BCF-chT2 9900 (4NCL)"]
[Site "Birmingham"]
[Date "1999.11.20"]
[Round "3.6"]
[White "Mitchell, Gareth"]
[Black "Hunt, Malcolm A"]
[Result "1/2-1/2"]
[WhiteElo "1544"]
[BlackElo "1984"]
[PlyCount "43"]
[EventDate "1999.10.??"]
[EventType "team"]
[EventRounds "11"]
[EventCountry "ENG"]
[SourceTitle "EXT 2001"]
[Source "ChessBase"]
[SourceDate "2000.11.22"]
[SourceVersion "1"]
[SourceVersionDate "2000.11.22"]
[SourceQuality "1"]
[WhiteTeam "Thistle White Rose"]
[BlackTeam "Slough II"]
[WhiteTeamCountry "ENG"]
[BlackTeamCountry "ENG"]

1. e4 e5 2. Bc4 Nf6 3. d4 Nxe4 4. dxe5 Nc5 5. Nf3 Be7 6. Be3 Ne6 7. Bxe6 dxe6 8. Qe2 b6 9. 0-0 Ba6 10. c4 Nd7 11. Rd1 Qc8 12. Nc3 0-0 13. Ne4 Bb7 14. Bg5 Bxg5 15. Nfxg5 h6 16. Nf3 Bxe4 17. Qxe4 Nc5 18. Qe3 a5 19. Nd4 Qb7 20. Nb3 Nxb3 21. axb3 Rad8 22. Rd3 1/2-1/2